[Event "Landesliga Nord 9899"]
[Site "Bayern"]
[Date "1999.??.??"]
[Round "?"]
[White "Fischer, Franz"]
[Black "Konsek, Peter"]
[Result "1/2-1/2"]
[WhiteElo "2015"]
[BlackElo "2000"]
[PlyCount "49"]
[EventDate "1998.??.??"]
[Source "www.chesslib.no"]
[SourceDate "2004.05.04"]

1. d4 f5 2. c4 e6 3. Nc3 Bb4 4. Nf3 Bxc3+ 5. bxc3 Nf6 6. Bg5 O-O 7. e3 d6 8. Bxf6 Qxf6 9. Be2 b6 10. Qb3 Nd7 11. Nd2 Bb7 12. Bf3 Bxf3 13. gxf3 Kh8 14. Qb5 Qe7 15. Qc6 Nf6 16. a4 Qd7 17. Qxd7 Nxd7 18. Ke2 a5 19. Nb1 e5 20. Na3 Rf7 21. Nb5 Nf8 22. Rad1 Ne6 23. c5 exd4 24. cxb6 cxb6 25. cxd4 1/2-1/2

[Event "C1.2000.0.00265"]
[Site "?"]
[Date "2000.??.??"]
[Round "?"]
[White "Maloberti David"]
[Black "Hasler Ulrich"]
[Result "1-0"]
[WhiteElo "2100"]
[BlackElo "1905"]
[PlyCount "53"]
[EventDate "2000.??.??"]
[Source "www.chesslib.no"]
[SourceDate "2004.05.04"]

1. d4 f5 2. c4 e6 3. Nc3 Bb4 4. Qb3 Qe7 5. Nf3 Nf6 6. a3 Bxc3+ 7. Qxc3 d6 8. Bg5 h6 9. Bxf6 Qxf6 10. e3 O-O 11. Bd3 e5 12. dxe5 dxe5 13. Qxe5 Qxe5 14. Nxe5 c6 15. O-O-O Be6 16. Be2 Na6 17. Rd6 Nc7 18. Rhd1 Rae8 19. Nd7 Bxd7 20. Rxd7 Rc8 21. b4 Rf7 22. Bh5 Rxd7 23. Rxd7 a6 24. Bg6 b5 25. Bxf5 Rf8 26. Rxc7 Rxf5 27. f4 1-0

[Event "It Open"]
[Site "St. Ingbert GER"]
[Date "1989.??.??"]
[Round "9"]
[White "Ossenbrueggen Lars"]
[Black "Reer Erdmann"]
[Result "1-0"]
[WhiteElo "1935"]
[BlackElo "2000"]
[PlyCount "85"]
[EventDate "1989.??.??"]
[Source "www.chesslib.no"]
[SourceDate "2004.05.04"]

1. d4 f5 2. c4 e6 3. Nf3 Nf6 4. e3 d5 5. Nc3 c6 6. Be2 Bd6 7. h3 O-O 8. Qc2 Ne4 9. Rb1 Nd7 10. b4 Qe7 11. a3 Kh8 12. Bb2 Qf6 13. b5 g5 14. Bd3 Qh6 15. Ke2 Qf6 16. a4 Rf7 17. Nxe4 fxe4 18. Bxe4 dxe4 19. Qxe4 cxb5 20. axb5 Kg8 21. Rhc1 Bf8 22. c5 Qd8 23. Qd3 Bg7 24. d5 Bxb2 25. Rxb2 Rxf3 26. gxf3 Ne5 27. Qe4 Qxd5 28. Rd2 Qxe4 29. Rd8+ Kg7 30. fxe4 Nf7 31. Re8 Ne5 32. f4 gxf4 33. exf4 Ng6 34. Ke3 Kf7 35. Rd8 Ke7 36. Rcd1 Nf8 37. e5 a5 38. c6 bxc6 39. bxc6 Rb8 40. c7 Ra8 41. Rb1 Nd7 42. Rb8 Rxb8 43. Rxd7+ 1-0

[Event "Regionalliga N O9495"]
[Site "Bayern"]
[Date "1995.??.??"]
[Round "5"]
[White "Thiele, Heinz"]
[Black "Konsek, Peter"]
[Result "0-1"]
[WhiteElo "2055"]
[BlackElo "1875"]
[PlyCount "86"]
[EventDate "1994.10.??"]
[Source "www.chesslib.no"]
[SourceDate "2004.05.04"]

1. d4 f5 2. c4 e6 3. Nc3 Bb4 4. Qc2 b6 5. a3 Bxc3+ 6. Qxc3 Nf6 7. Nf3 Bb7 8. e3 O-O 9. Be2 d6 10. O-O Ne4 11. Qc2 g5 12. Nd2 Nd7 13. f3 Nef6 14. e4 f4 15. b4 c5 16. Bb2 e5 17. dxc5 dxc5 18. Rfd1 Qc7 19. b5 Ne8 20. Nb3 Ng7 21. Rxd7 Qxd7 22. Bxe5 Qe7 23. Bb2 Rad8 24. Qc3 Rd6 25. Rd1 Rfd8 26. Rxd6 Rxd6 27. Bd3 Bc8 28. Kf2 g4 29. Nd2 Qd7 30. Ke2 Rg6 31. Kd1 Rh6 32. fxg4 Qxg4+ 33. Kc2 Rxh2 34. Be2 Qxg2 35. Qf6 Qg6 36. Qd8+ Qe8 37. Qd5+ Qe6 38. Qg5 Qd7 39. Bd3 Bb7 40. e5 Be4 41. Qxg7+ Qxg7 42. Bxe4 Qg3 43. Bd5+ Kf8 0-1

[Event "Regionalliga SO 9596"]
[Site "Bayern"]
[Date "1996.??.??"]
[Round "?"]
[White "Hamberger, Robert"]
[Black "Schwab, Andreas"]
[Result "1/2-1/2"]
[WhiteElo "1905"]
[BlackElo "2010"]
[PlyCount "57"]
[EventDate "1995.10.??"]
[Source "www.chesslib.no"]
[SourceDate "2004.05.04"]

1. d4 f5 2. c4 e6 3. Nc3 Bb4 4. a3 Bxc3+ 5. bxc3 b6 6. Nf3 Bb7 7. Bf4 Nf6 8. e3 O-O 9. Be2 Ne4 10. Qc2 g5 11. Bg3 g4 12. Ne5 Nxg3 13. hxg3 Bxg2 14. Rh2 Be4 15. Bd3 Bxd3 16. Nxd3 Qe7 17. Ke2 Nc6 18. d5 exd5 19. cxd5 Ne5 20. Qb3 Nxd3 21. Kxd3 Qd6 22. Rah1 Rf7 23. Rh6 Qe5 24. Ke2 d6 25. Re6 Qg7 26. Qc4 Raf8 27. Rhh6 Re7 28. Kd3 a5 29. Qf4 1/2-1/2

[Event "Triesen (23.05.-31.05)"]
[Site "?"]
[Date "2003.05.23"]
[Round "1"]
[White "Buechele Walter"]
[Black "Schubert Hans Joachim"]
[Result "1/2-1/2"]
[WhiteElo "1785"]
[BlackElo "2099"]
[PlyCount "34"]
[EventDate "2003.??.??"]
[Source "www.chesslib.no"]
[SourceDate "2004.05.04"]

1. d4 f5 2. c4 e6 3. Nf3 b6 4. Nc3 Nf6 5. g3 Bb7 6. Bg2 Be7 7. O-O O-O 8. Re1 Ne4 9. Qc2 Nxc3 10. Qxc3 a5 11. Bd2 d6 12. Rad1 Nd7 13. Qe3 Be4 14. Ng5 Bxg5 15. Qxg5 Qxg5 16. Bxg5 Bxg2 17. Kxg2 Rae8 1/2-1/2

[Event "Montigny le Bretonneux"]
[Site "?"]
[Date "2003.05.03"]
[Round "4.2"]
[White "Majcherczyk Benjamin"]
[Black "Joigneau Sylvain"]
[Result "0-1"]
[WhiteElo "1690"]
[BlackElo "2140"]
[PlyCount "80"]
[EventDate "2003.??.??"]
[Source "www.chesslib.no"]
[SourceDate "2004.05.04"]

1. d4 f5 2. c4 e6 3. Nc3 Bb4 4. Nf3 b6 5. Bg5 Nf6 6. a3 Bxc3+ 7. bxc3 Bb7 8. e3 O-O 9. Rb1 Qe8 10. Bxf6 Rxf6 11. c5 f4 12. Be2 fxe3 13. fxe3 Qh5 14. O-O Rh6 15. h3 Qg6 16. Kh2 Be4 17. Rb5 Nc6 18. cxb6 axb6 19. Ne1 Rxa3 20. Bh5 Rxh5 21. Rxh5 Ne7 22. Rh4 Bc6 23. e4 Rxc3 24. Rg4 Qe8 25. Qd2 Rc4 26. Qg5 Ng6 27. e5 Qe7 28. Qe3 b5 29. Nd3 Rc3 30. Qd2 Ra3 31. Rgf4 Nxf4 32. Rxf4 Ra8 33. Qf2 b4 34. Rf7 Qe8 35. g4 Bd5 36. Rf4 Ra2 37. Qxa2 Bxa2 38. Rf2 Bd5 39. Kg3 d6 40. exd6 cxd6 0-1

[Event "Tuebingen-ch55"]
[Site "Tuebingen"]
[Date "1996.??.??"]
[Round "?"]
[White "Loseries, Uwe"]
[Black "Himken, Peter"]
[Result "1-0"]
[WhiteElo "2080"]
[BlackElo "1750"]
[PlyCount "33"]
[EventDate "1996.??.??"]
[Source "www.chesslib.no"]
[SourceDate "2004.05.04"]

1. d4 f5 2. c4 e6 3. g3 c6 4. d5 cxd5 5. cxd5 e5 6. Nc3 d6 7. Nf3 Be7 8. Bg2 Nf6 9. O-O O-O 10. Bd2 Nbd7 11. b4 Nb6 12. Qb3 Bd7 13. Be3 h6 14. Nxe5 dxe5 15. d6+ Kh8 16. dxe7 Qxe7 17. Bc5 1-0

[Event "Saarlouis (28.05.-01.06)"]
[Site "?"]
[Date "2003.05.29"]
[Round "3"]
[White "Sebrek Janos"]
[Black "Aubertin Tim"]
[Result "0-1"]
[WhiteElo "2061"]
[BlackElo "1740"]
[PlyCount "111"]
[EventDate "2003.??.??"]
[Source "www.chesslib.no"]
[SourceDate "2004.05.04"]

1. d4 f5 2. c4 e6 3. Nf3 Nf6 4. e3 c6 5. Nc3 d5 6. Be2 Be7 7. Bd2 O-O 8. O-O Bd7 9. c5 Ne4 10. Ne1 Be8 11. f3 Nf6 12. Nd3 Nbd7 13. Be1 h6 14. b4 Nh7 15. Bf2 Bh4 16. Qe1 Bxf2+ 17. Qxf2 Qe7 18. Qg3 Qg5 19. Qxg5 hxg5 20. g3 Bg6 21. Rae1 Nhf6 22. h3 Nh5 23. Kh2 f4 24. exf4 gxf4 25. gxf4 Nxf4 26. Nf2 Nxe2 27. Nxe2 Rxf3 28. Ng4 Rxf1 29. Rxf1 Bf5 30. Ne3 Bd3 31. Rf2 e5 32. dxe5 Nxe5 33. Nd4 Rf8 34. Rxf8+ Kxf8 35. Kg3 Ke7 36. Kf4 Kf6 37. h4 b6 38. cxb6 axb6 39. Ng4+ Nxg4 40. Kxg4 c5 41. bxc5 bxc5 42. Nb3 c4 43. Nc1 Bf5+ 44. Kf4 d4 45. a4 c3 46. Nb3 d3 47. Ke3 d2 48. Nxd2 cxd2 49. Kxd2 Kg6 50. Ke3 Kh5 51. a5 Bc8 52. Kf4 Kxh4 53. Kf3 g5 54. Kg2 Kg4 55. Kh2 Kf3 56. Kh1 0-1

[Event "Cearense-ch 69th"]
[Site "?"]
[Date "2000.09.24"]
[Round "3"]
[White "Carlos Joao"]
[Black "Alencar Kerginaldo"]
[Result "1-0"]
[WhiteElo "1994"]
[BlackElo "1800"]
[PlyCount "97"]
[EventDate "2000.??.??"]
[Source "www.chesslib.no"]
[SourceDate "2004.05.04"]

1. d4 f5 2. c4 e6 3. Nc3 Bb4 4. Nf3 Bxc3+ 5. bxc3 d6 6. Bg5 Nf6 7. e3 O-O 8. Bd3 h6 9. Bh4 g5 10. Bg3 c6 11. Qe2 Qe7 12. Rd1 Nbd7 13. Nd2 Ng4 14. h4 Rf7 15. hxg5 hxg5 16. Rh5 Rh7 17. Rxh7 Qxh7 18. Bxd6 Ndf6 19. Nf3 Qh1+ 20. Qf1 Qxf1+ 21. Kxf1 Nh7 22. Rb1 Ngf6 23. Be5 Ne4 24. Bxe4 fxe4 25. Nd2 b6 26. Nxe4 Ba6 27. Nd6 g4 28. g3 Ng5 29. Kg2 Nf7 30. Rh1 Nxd6 31. Rh8+ Kf7 32. Rxa8 Nc8 33. Bc7 Bb7 34. Rb8 Ba6 35. c5 b5 36. f3 gxf3+ 37. Kxf3 Ke7 38. Kg4 Kd7 39. Bf4 Ke7 40. Kg5 Kf7 41. g4 Kg7 42. Be5+ Kf7 43. Kh6 Kg8 44. g5 Kf7 45. Kh7 b4 46. g6+ Ke7 47. g7 Bd3+ 48. Kh8 Kd7 49. Rb7+ 1-0

[Event "Heimbach-Weis"]
[Site "?"]
[Date "2002.03.28"]
[Round "7"]
[White "Zirwes Hans Juergen"]
[Black "Bendel Lars"]
[Result "1/2-1/2"]
[WhiteElo "1863"]
[BlackElo "1913"]
[PlyCount "74"]
[EventDate "2002.??.??"]
[Source "www.chesslib.no"]
[SourceDate "2004.05.04"]

1. d4 f5 2. c4 e6 3. Nc3 Bb4 4. Bd2 Nf6 5. e3 Bxc3 6. bxc3 b6 7. Bd3 Bb7 8. f3 d6 9. Ne2 Nbd7 10. O-O O-O 11. Rb1 c5 12. Re1 Rc8 13. Qb3 d5 14. Nf4 Re8 15. cxd5 Nxd5 16. Nxd5 Bxd5 17. c4 Bb7 18. d5 Ne5 19. e4 fxe4 20. Bxe4 exd5 21. cxd5 c4 22. Qc2 Bxd5 23. Bxh7+ Kh8 24. Bc3 Qg5 25. Bxe5 Rxe5 26. Rxe5 Qxe5 27. Qf5 Qxf5 28. Bxf5 Rf8 29. Bc2 Kg8 30. Kf2 Re8 31. a4 Bc6 32. Rb4 Bd5 33. a5 Rb8 34. Ba4 Kf7 35. Ke3 Ke6 36. Kd4 Kd6 37. axb6 axb6 1/2-1/2

[Event "Pardubice op"]
[Site "Pardubice"]
[Date "1993.??.??"]
[Round "5"]
[White "Moller"]
[Black "Krafka, J."]
[Result "1/2-1/2"]
[WhiteElo "1855"]
[BlackElo "1900"]
[PlyCount "49"]
[EventDate "1993.07.??"]
[Source "www.chesslib.no"]
[SourceDate "2004.05.04"]

1. d4 f5 2. c4 e6 3. Nc3 d5 4. Nf3 Nf6 5. g3 c6 6. Bf4 Be7 7. e3 O-O 8. Bg2 Ne4 9. Nxe4 fxe4 10. Nd2 Bg5 11. Qh5 Bxf4 12. gxf4 Rf5 13. Qe2 Rf6 14. Rg1 Rg6 15. O-O-O Bd7 16. f3 exf3 17. Nxf3 Be8 18. Ne5 Rh6 19. Qf2 Nd7 20. Qg3 Nxe5 21. dxe5 Qh4 22. Bh3 Qxg3 23. Rxg3 Bf7 24. Rdg1 Kf8 25. cxd5 1/2-1/2

[Event "Santiago CALF op"]
[Site "?"]
[Date "2003.??.??"]
[Round "3.4"]
[White "Quinteros Alfonso"]
[Black "Reveco Manuel"]
[Result "1-0"]
[WhiteElo "1812"]
[BlackElo "1914"]
[PlyCount "41"]
[EventDate "2003.??.??"]
[Source "www.chesslib.no"]
[SourceDate "2004.05.04"]

1. d4 f5 2. c4 e6 3. Nf3 Nf6 4. Bg5 Bb4+ 5. Nc3 d6 6. a3 Bxc3+ 7. bxc3 O-O 8. e3 Nc6 9. Be2 Qe8 10. Nd2 e5 11. Rb1 Qg6 12. Bxf6 Rxf6 13. O-O f4 14. Bh5 Qd3 15. Re1 Qxc3 16. Ne4 Qxc4 17. Nxf6+ gxf6 18. exf4 Nxd4 19. fxe5 fxe5 20. Rc1 Qe6 21. Rxc7 1-0

[Event "Binissalem op"]
[Site "?"]
[Date "2002.09.15"]
[Round "9"]
[White "De la Torre Sanchez Miguel"]
[Black "Varanda Munoz Manuel"]
[Result "1-0"]
[WhiteElo "1899"]
[BlackElo "1809"]
[PlyCount "89"]
[EventDate "2002.??.??"]
[Source "www.chesslib.no"]
[SourceDate "2004.05.04"]

1. d4 f5 2. c4 e6 3. Nc3 c6 4. Bf4 d5 5. e3 Nf6 6. Bd3 Be7 7. Nge2 O-O 8. Qc2 Ne4 9. f3 Nxc3 10. bxc3 c5 11. O-O Nc6 12. a3 b6 13. cxd5 exd5 14. Ng3 g6 15. e4 c4 16. Be2 Be6 17. Rfe1 Bh4 18. exf5 Bxf5 19. Qd2 Qf6 20. Bd1 Bd3 21. Be5 Qf7 22. Bc2 Bxc2 23. Qxc2 Bf6 24. f4 Bh4 25. Re3 g5 26. fxg5 Bxg5 27. Re2 Qg6 28. Qxg6+ hxg6 29. Rf1 Be7 30. a4 a6 31. Bc7 b5 32. Re6 Rxf1+ 33. Nxf1 bxa4 34. Rxc6 a3 35. Re6 Kf7 36. Re1 Kf6 37. Bf4 Rc8 38. Ra1 g5 39. Bc1 Kf5 40. Ng3+ Kg4 41. Bxa3 Bxa3 42. Rxa3 Ra8 43. Ra5 Kf4 44. Kf2 g4 45. Rxd5 1-0

[Event "France"]
[Site "?"]
[Date "1998.04.04"]
[Round "2"]
[White "Alaxa, Marek"]
[Black "Porto, Cristiano"]
[Result "0-1"]
[WhiteElo "1770"]
[BlackElo "1910"]
[PlyCount "58"]
[EventDate "1998.??.??"]
[Source "www.chesslib.no"]
[SourceDate "2004.05.04"]

1. d4 f5 2. c4 e6 3. Nf3 Nf6 4. g3 d5 5. e3 c6 6. c5 Be7 7. Bd3 Nbd7 8. Nc3 O-O 9. Be2 Ne4 10. Nxe4 fxe4 11. Nd2 e5 12. O-O exd4 13. exd4 Nf6 14. Nb3 Bh3 15. Re1 Qd7 16. Be3 Ng4 17. Bf1 Nxe3 18. Rxe3 Bg5 19. Bxh3 Qxh3 20. Re2 Rf6 21. Qf1 Qf5 22. f4 exf3 23. Re5 Qg6 24. Kh1 Rff8 25. Qh3 Rfe8 26. Ree1 f2 27. Rf1 Re7 28. Rab1 Qxb1 29. Rxb1 Re1+ 0-1

[Event "Regionalliga SW 9495"]
[Site "Bayern"]
[Date "1995.??.??"]
[Round "6"]
[White "Stadelmann, Otto"]
[Black "Voss, Michael"]
[Result "1/2-1/2"]
[WhiteElo "1790"]
[BlackElo "1875"]
[PlyCount "68"]
[EventDate "1994.10.??"]
[Source "www.chesslib.no"]
[SourceDate "2004.05.04"]

1. d4 f5 2. c4 e6 3. Nc3 d5 4. Nf3 Nf6 5. Bg5 c6 6. e3 Bd6 7. Ne5 O-O 8. Be2 Nbd7 9. f4 Be7 10. Nxd7 Bxd7 11. O-O h6 12. Bh4 g6 13. c5 Kf7 14. Kh1 Rh8 15. Rg1 Ng4 16. Bxg4 Bxh4 17. g3 Bf6 18. Bf3 b6 19. b4 a5 20. a3 b5 21. Qc2 Qc7 22. Rgb1 axb4 23. axb4 g5 24. Ne2 g4 25. Bg2 h5 26. Nc1 h4 27. Kg1 Ra7 28. Rxa7 Qxa7 29. Qc3 Ra8 30. Nb3 h3 31. Bf1 Bd8 32. Ra1 Qb7 33. Rxa8 Qxa8 34. Qa1 Qxa1 1/2-1/2

[Event "Triesen (03.05.-11.05)"]
[Site "?"]
[Date "2002.05.06"]
[Round "4"]
[White "Zachau Werner"]
[Black "Schubert Hans Joachim"]
[Result "1/2-1/2"]
[WhiteElo "1817"]
[BlackElo "1820"]
[PlyCount "60"]
[EventDate "2002.??.??"]
[Source "www.chesslib.no"]
[SourceDate "2004.05.04"]

1. d4 f5 2. c4 e6 3. e3 Nf6 4. Nf3 b6 5. Be2 Be7 6. a3 a5 7. Nc3 Bb7 8. O-O O-O 9. Ne5 d6 10. Nd3 Qd7 11. f3 Nc6 12. Nf2 e5 13. d5 Nb8 14. e4 Na6 15. exf5 Qxf5 16. Bd3 Qh5 17. Be3 Nc5 18. Bxc5 bxc5 19. Nfe4 Nxe4 20. Bxe4 Bg5 21. Qe2 Bf4 22. g3 Bg5 23. Nb5 Qf7 24. Qd3 g6 25. Rae1 Ba6 26. a4 Bc8 27. Rf2 Bf5 28. Kg2 Qd7 29. h4 Bh6 30. Kh2 Kh8 1/2-1/2

[Event "San Jose op"]
[Site "?"]
[Date "1998.??.??"]
[Round "9"]
[White "Codina, J."]
[Black "Pellicer, P."]
[Result "1-0"]
[WhiteElo "1730"]
[BlackElo "1885"]
[PlyCount "83"]
[EventDate "1998.??.??"]
[Source "www.chesslib.no"]
[SourceDate "2004.05.04"]

1. d4 f5 2. c4 e6 3. a3 c6 4. Nc3 d5 5. cxd5 cxd5 6. Nf3 Nf6 7. Bf4 Bd6 8. Qc1 Nc6 9. b4 O-O 10. Nb5 Ne4 11. Nxd6 Nxd6 12. e3 Ne4 13. Bb5 Bd7 14. h3 Rc8 15. Qb2 Qb6 16. Bd3 a5 17. b5 Ne7 18. Ne5 Rfd8 19. Bxe4 fxe4 20. Bg5 Qd6 21. O-O Rc7 22. Bf4 Qb6 23. a4 h6 24. Qa3 Be8 25. Rfc1 Rdc8 26. Rxc7 Rxc7 27. Ng4 Rd7 28. Rc1 Ng6 29. Bg3 Ne7 30. Ne5 Qd6 31. Qc3 Nf5 32. Nxd7 Nxg3 33. fxg3 Bxd7 34. Qc7 Qa3 35. Kh2 Qxe3 36. Rf1 Qxd4 37. Qxd7 e3 38. Qxe6+ Kh7 39. Qf5+ Kh8 40. Qg6 Kg8 41. Qe8+ Kh7 42. Rf8 1-0

[Event "Schloss Schney (01.06.-09.06)"]
[Site "?"]
[Date "2001.??.??"]
[Round "3"]
[White "Mueller Helmut[35Coburg"]
[Black "Scheuerlein Gerhard"]
[Result "1/2-1/2"]
[WhiteElo "1898"]
[BlackElo "1691"]
[PlyCount "50"]
[EventDate "2001.??.??"]
[Source "www.chesslib.no"]
[SourceDate "2004.05.04"]

1. d4 f5 2. c4 e6 3. Nf3 c6 4. Nc3 d5 5. cxd5 exd5 6. a3 Nf6 7. Bg5 Be6 8. e3 Nbd7 9. b4 Bd6 10. Bd3 O-O 11. O-O Qe7 12. Qc2 g6 13. Rfc1 Rfc8 14. Qb2 Kg7 15. Ne2 h6 16. Bf4 Nh5 17. Bxd6 Qxd6 18. Ne5 Nhf6 19. Rc2 h5 20. Rac1 Ng4 21. Nxd7 Qxh2+ 22. Kf1 Bxd7 23. Ng1 Qd6 24. Re1 Nf6 25. Nf3 Rh8 1/2-1/2

[Event "Mittelfranken-ch U20"]
[Site "?"]
[Date "1997.??.??"]
[Round "7"]
[White "Held Bernhard"]
[Black "Kalender Benjamin"]
[Result "0-1"]
[WhiteElo "1755"]
[BlackElo "1830"]
[PlyCount "72"]
[EventDate "1997.??.??"]
[Source "www.chesslib.no"]
[SourceDate "2004.05.04"]

1. d4 f5 2. c4 e6 3. Nc3 d5 4. e3 c6 5. Nf3 Nf6 6. Be2 Bd6 7. Qc2 O-O 8. b3 Bd7 9. Bb2 Ne4 10. Nd2 Be8 11. g3 Nd7 12. f4 Ndf6 13. Ndxe4 Nxe4 14. Nxe4 fxe4 15. Qd2 g5 16. O-O-O Kh8 17. h4 gxf4 18. gxf4 Rg8 19. h5 Qf6 20. Kb1 Bf7 21. Qe1 Rg2 22. Bc1 Rag8 23. Ka1 R8g3 24. Kb1 h6 25. Ka1 Kh7 26. Kb1 Kg7 27. c5 Bc7 28. Ka1 Bg8 29. Bf1 Rg1 30. Rxg1 Rxg1 31. Qf2 Rg4 32. Be2 Qh4 33. Qxh4 Rxh4 34. Rg1+ Kh7 35. Rg4 Rh2 36. Bf1 Rh1 0-1

[Event "Lindow/Mark (15.09.-21.09)"]
[Site "?"]
[Date "2002.09.20"]
[Round "6.10"]
[White "Heinrich Klaus[35Potsdam"]
[Black "Fries Karl-Heinz"]
[Result "1-0"]
[WhiteElo "1739"]
[BlackElo "1727"]
[PlyCount "96"]
[EventDate "2002.??.??"]
[Source "www.chesslib.no"]
[SourceDate "2004.05.04"]

1. d4 f5 2. c4 e6 3. a3 d5 4. cxd5 exd5 5. Nc3 c6 6. Bf4 Bd6 7. Qd2 Nf6 8. Bg5 O-O 9. e3 Qe7 10. f4 h6 11. Bxf6 Qxf6 12. Nf3 Be6 13. Be2 Nd7 14. O-O Rad8 15. Rac1 Rfe8 16. b4 a6 17. Ne5 Bxe5 18. dxe5 Qe7 19. Qd4 g6 20. Na4 g5 21. Nc5 Nf8 22. Bd3 g4 23. g3 h5 24. a4 Ra8 25. a5 Ng6 26. Qb2 Qf7 27. Qc2 Rf8 28. Kg2 Rfd8 29. Nb3 Kg7 30. Nd4 Ne7 31. Rh1 Rh8 32. h3 h4 33. hxg4 fxg4 34. f5 h3+ 35. Kh2 Bc8 36. f6+ Kh6 37. fxe7 Qxe7 38. e6 Bxe6 39. Bf5 Bd7 40. Qf2 Kg7 41. Qf4 Qxb4 42. Ne6+ Bxe6 43. Qxb4 Bxf5 44. Qe7+ Kg6 45. Qxb7 Be4 46. Rxc6+ Kf5 47. Qf7+ Kg5 48. Qf6+ Kh5 1-0

[Event "Schloss Schney (03.07.-11.07)"]
[Site "?"]
[Date "1998.??.??"]
[Round "7"]
[White "Baumann Walter[27Rödental"]
[Black "Fries Karl-Heinz"]
[Result "1/2-1/2"]
[WhiteElo "1765"]
[BlackElo "1660"]
[PlyCount "57"]
[EventDate "1998.??.??"]
[Source "www.chesslib.no"]
[SourceDate "2004.05.04"]

1. d4 f5 2. c4 e6 3. Nc3 d5 4. Nf3 c6 5. Bf4 Nd7 6. e3 Ndf6 7. h3 Ne7 8. Be2 Ng6 9. Bh2 Bd6 10. O-O Bxh2+ 11. Kxh2 Qc7+ 12. g3 O-O 13. Rc1 Qd6 14. c5 Qe7 15. b4 e5 16. dxe5 Nxe5 17. Qd4 Ng6 18. a4 Bd7 19. Rb1 Ne4 20. Nxe4 fxe4 21. Ng1 Ne5 22. f4 exf3 23. Nxf3 Nxf3+ 24. Rxf3 Rxf3 25. Bxf3 Re8 26. Re1 Qf7 27. Rf1 Qe7 28. Re1 g6 29. e4 1/2-1/2

[Event "France"]
[Site "?"]
[Date "1998.05.16"]
[Round "6"]
[White "May, Desider"]
[Black "Rodriguez, Ricardo"]
[Result "0-1"]
[WhiteElo "1700"]
[BlackElo "1720"]
[PlyCount "93"]
[EventDate "1998.??.??"]
[Source "www.chesslib.no"]
[SourceDate "2004.05.04"]

1. d4 f5 2. c4 e6 3. Nf3 Be7 4. Nc3 Nf6 5. Bg5 O-O 6. e3 b6 7. g3 Ne4 8. Bxe7 Qxe7 9. Qc2 Bb7 10. Bg2 Ng5 11. Qe2 d6 12. O-O Nxf3+ 13. Bxf3 Bxf3 14. Qxf3 Nd7 15. Rad1 e5 16. Nd5 Qf7 17. Nxc7 Rac8 18. Qc6 Nf6 19. dxe5 Qxc7 20. Qxd6 Ne4 21. Qxc7 Rxc7 22. Rd4 g5 23. f3 Nc5 24. f4 g4 25. Kg2 Kf7 26. h3 h5 27. Rh1 Ne6 28. Rd2 Rxc4 29. hxg4 hxg4 30. Rh7+ Kg6 31. Rxa7 Rc6 32. Rad7 Rfc8 33. R7d6 Kf7 34. Rxc6 Rxc6 35. b4 Rc4 36. a3 b5 37. Kf2 Rc3 38. Ra2 Nc7 39. Ke2 Nd5 40. Rd2 Rxe3+ 41. Kf2 Rf3+ 42. Ke1 Ke6 43. a4 bxa4 44. b5 a3 45. b6 Rb3 46. Kd1 Rxb6 47. Ra2 0-1

[Event "11.Traum-Open 2004 Chessorg"]
[Site "?"]
[Date "2004.??.??"]
[Round "7.9"]
[White "Bucher Rolf"]
[Black "Dombrowe Eckehard"]
[Result "1-0"]
[WhiteElo "1776"]
[BlackElo "1586"]
[PlyCount "149"]
[EventDate "2004.??.??"]
[Source "www.chesslib.no"]
[SourceDate "2004.05.04"]

1. d4 f5 2. c4 e6 3. Nc3 Bb4 4. g3 Nf6 5. a3 Bxc3+ 6. bxc3 O-O 7. Bg2 Ne4 8. Qc2 d5 9. cxd5 exd5 10. Nf3 Nd7 11. O-O c6 12. c4 Nb6 13. Ne5 Be6 14. c5 Nd7 15. Nd3 Qf6 16. Be3 Qd8 17. Rab1 Qc8 18. Rfc1 a6 19. a4 a5 20. Rb2 Rf7 21. Rcb1 Ra7 22. Rb3 Nf8 23. Ne5 Re7 24. f3 Nf6 25. Bg5 Ng6 26. Nd3 Rf7 27. Bd2 Qd8 28. Rb6 Bc8 29. Bg5 h6 30. Bd2 Re7 31. Bf4 Nxf4 32. Nxf4 Qe8 33. R1b2 Nh5 34. Nd3 Nf6 35. R6b3 Nd7 36. Qd2 Nf8 37. Ne5 Ng6 38. f4 Nxe5 39. fxe5 Be6 40. Rf3 Qg6 41. Rf1 Qg4 42. Rf4 Qg5 43. Rb1 Rf7 44. Rbf1 g6 45. Qb2 Kg7 46. Qb3 Ra8 47. g4 Raf8 48. gxf5 Bxf5 49. Kh1 Qe7 50. Kg1 Be6 51. Rxf7+ Bxf7 52. Rd1 Rb8 53. Qe3 Be6 54. Rf1 Rf8 55. Rxf8 Qxf8 56. Bh3 Bxh3 57. Qxh3 Qd8 58. Qg4 h5 59. Qf4 Qe7 60. h4 Qe6 61. Kg2 Kg8 62. Kg3 Kg7 63. Qg5 Kf7 64. Qf4+ Kg7 65. Kf2 Kg8 66. Ke3 Kg7 67. Kd2 Kg8 68. Qg5 Kf7 69. Qd8 Qe7 70. Qxe7+ Kxe7 71. Ke3 Ke6 72. Kf4 Ke7 73. Kg5 Kf7 74. e3 Kg7 75. e6 1-0

[Event "AUS-ch reserves"]
[Site "?"]
[Date "2001.12.30"]
[Round "3"]
[White "Frost Peter"]
[Black "Laugery David"]
[Result "1-0"]
[WhiteElo "1742"]
[BlackElo "1589"]
[PlyCount "71"]
[EventDate "2001.??.??"]
[Source "www.chesslib.no"]
[SourceDate "2004.05.04"]

1. d4 f5 2. c4 e6 3. Nc3 c6 4. Nf3 Nf6 5. Bg5 Be7 6. e3 d5 7. Bd3 O-O 8. O-O Bd7 9. Rc1 Be8 10. cxd5 cxd5 11. Ne5 Bh5 12. Qa4 Ng4 13. Bxe7 Qxe7 14. Nb5 Nxe5 15. dxe5 Nc6 16. f4 g5 17. Nd6 a6 18. a3 Be8 19. Qc2 g4 20. g3 Rd8 21. Qc5 Rd7 22. Bxa6 Nxe5 23. fxe5 bxa6 24. Rf4 h5 25. Rb4 h4 26. Rb8 hxg3 27. hxg3 Bg6 28. Qb6 Rxb8 29. Qxb8+ Kg7 30. Rc8 Bf7 31. Rh8 Qg5 32. Kf2 d4 33. exd4 Qd2+ 34. Kf1 Qxd4 35. Qf8+ Kg6 36. Qh6# 1-0

[Event "Uckley (25.09-29.09)"]
[Site "?"]
[Date "2000.09.26"]
[Round "2"]
[White "Schmidt Roland"]
[Black "Modes Werner"]
[Result "1/2-1/2"]
[WhiteElo "1652"]
[BlackElo "1672"]
[PlyCount "35"]
[EventDate "2000.??.??"]
[Source "www.chesslib.no"]
[SourceDate "2004.05.04"]

1. d4 f5 2. c4 e6 3. a3 d5 4. e3 Nf6 5. Nc3 Be7 6. Bd2 c6 7. c5 Nbd7 8. f4 O-O 9. Nf3 Qe8 10. Bd3 Ne4 11. O-O Qh5 12. Bxe4 fxe4 13. Ne5 Qxd1 14. Rfxd1 Nxe5 15. fxe5 Bd7 16. Rf1 Rxf1+ 17. Rxf1 Rf8 18. Rb1 1/2-1/2

[Event "Duisburg"]
[Site "?"]
[Date "2004.05.31"]
[Round "7.50"]
[White "Der Josef"]
[Black "Feldhaus Sebastian"]
[Result "1-0"]
[WhiteElo "1673"]
[BlackElo "1621"]
[PlyCount "87"]
[EventDate "2004.??.??"]
[Source "www.chesslib.no"]
[SourceDate "2004.05.04"]

1. d4 f5 2. c4 e6 3. Nf3 Nf6 4. Bg5 h6 5. Bxf6 Qxf6 6. e3 d5 7. Ne5 Nd7 8. Qh5+ g6 9. Nxg6 Qf7 10. cxd5 exd5 11. Be2 Bb4+ 12. Nc3 Nf6 13. Nxh8 Qxh5 14. Bxh5+ Nxh5 15. O-O c6 16. Ng6 Kf7 17. Ne5+ Kf6 18. Nd3 Bd6 19. f3 b5 20. a3 Ba6 21. Rfe1 Rd8 22. Rad1 Be7 23. Ne5 Bb7 24. g4 Rg8 25. Kh1 Ng7 26. h3 h5 27. Rg1 hxg4 28. fxg4 Rh8 29. Kg2 c5 30. g5+ Ke6 31. Ng6 Rg8 32. Nxe7 Kxe7 33. Nxb5 Ne6 34. Kf2 a6 35. Nc3 cxd4 36. exd4 Nxg5 37. Rd3 Kf6 38. h4 Ne4+ 39. Nxe4+ dxe4 40. Rxg8 exd3 41. Rg1 Bd5 42. h5 Bf7 43. h6 Bg6 44. Ke3 1-0

[Event "Templin (04.09.-12.09.)"]
[Site "?"]
[Date "2004.09.08"]
[Round "1.5"]
[White "Reitinger Erich"]
[Black "Voelkel Gustav"]
[Result "1-0"]
[WhiteElo "1738"]
[BlackElo "1491"]
[PlyCount "45"]
[EventDate "2004.??.??"]
[Source "www.chesslib.no"]
[SourceDate "2004.05.04"]

1. d4 f5 2. c4 e6 3. Nc3 d5 4. cxd5 exd5 5. Nf3 c6 6. a3 Bd6 7. Bg5 Nf6 8. e3 O-O 9. Bd3 Qe8 10. O-O Ne4 11. Bf4 Rf6 12. Re1 Qh5 13. Be2 Bxf4 14. exf4 Rh6 15. h3 Nd7 16. Ng5 Qg6 17. Ncxe4 fxe4 18. Bg4 Nf8 19. Bxc8 Rxc8 20. Qb3 Rc7 21. Rxe4 Kh8 22. Re3 Rh5 23. Rae1 1-0